Top 50 Countries By Military Ranking - Statistics

General Stats
  • This quiz has been taken 410 times
  • The average score is 38 of 50
Answer Stats
Hint Answer % Correct
3 China
99%
2 Russia
99%
1 United States of America
99%
8 United Kingdom
98%
4 India
97%
7 France
96%
5 Japan
96%
9 Brazil
95%
6 South Korea
95%
15 Germany
92%
12 Italy
90%
10 Pakistan
90%
13 Egypt
89%
46 Mexico
88%
21 Canada
87%
28 North Korea
87%
18 Spain
87%
14 Iran
86%
19 Australia
84%
11 Turkey
84%
25 Ukraine
84%
16 Indonesia
83%
23 Poland
83%
42 Argentina
82%
32 South Africa
79%
17 Saudi Arabia
76%
31 Sweden
75%
26 Thailand
74%
24 Vietnam
74%
29 Greece
73%
20 Israel
71%
33 Norway
69%
39 Colombia
67%
27 Algeria
65%
49 Chile
65%
37 Netherlands
63%
35 Nigeria
61%
43 Venezuela
61%
41 Romania
60%
44 Malaysia
58%
47 Peru
58%
22 Taiwan
57%
30 Switzerland
56%
45 Bangladesh
52%
36 United Arab Emirates
52%
48 Philippines
51%
50 Belarus
49%
38 Myanmar
48%
34 Czech Republic
44%
40 Singapore
44%
No matching quizzes found
Score Distribution
Percent of People with Each Score
Percentile by Number Answered
Your Score History
You have not taken this quiz